| 000 | 00608nam a2200181 4500 | ||
|---|---|---|---|
| 003 | LK-CoMWRAF | ||
| 005 | 20240118135547.0 | ||
| 008 | 231213b |||||||| |||| 00| 0 eng d | ||
| 040 |
_aLK-CoMWRAF _dLK-CoMWRAF _eLK-CoMWRAF |
||
| 041 | _asin | ||
| 082 |
_a915.49 _bPAD |
||
| 100 | _aපදුමසිරි, දෙල්ගල්ලේ | ||
| 245 | _aයාපනයේ මගේ අත්දැකීම් | ||
| 246 | _ayapanaye mage athdakeem | ||
| 260 |
_aආණමඩුව : _bතෝතැන්න ප්රකාශන, |
||
| 650 | _aස්වයං චරිතාපදාන | ||
| 942 | _cBK | ||
| 999 |
_c4422 _d4422 |
||